Flags of Countries that Border Kenya - Statistics

General Stats
  • This quiz has been taken 2,403 times
  • The average score is 5 of 5
Answer Stats
Flag Country % Correct
Uganda
96%
Tanzania
95%
Somalia
94%
Ethiopia
91%
South Sudan
86%
No matching quizzes found
Score Distribution
Percent of People with Each Score
Percentile by Number Answered
Your Score History
You have not taken this quiz